| 000 | 00561nam a22001937a 4500 | ||
|---|---|---|---|
| 003 | OSt | ||
| 005 | 20180301191917.0 | ||
| 008 | 180301b xxu||||| |||| 00| 0 eng d | ||
| 020 | _a1891389025 | ||
| 040 | _cDDC | ||
| 082 | _a572.51PHY 2000 | ||
| 100 |
_aEdited by Que, Lawrence Jr; _912507 |
||
| 245 |
_aPhysical Methods in Bioinorganic Chemistry: _bSpectroscopy and Magnetism. |
||
| 260 |
_aCalifonia: _bUniversity Science Books. _c2000. |
||
| 300 |
_avii,556p: _bill: _c25cm |
||
| 504 | _aincludes index. | ||
| 650 |
_aChemistry. _9797 |
||
| 942 |
_2ddc _cO_SHELF |
||
| 999 |
_c6026 _d6026 |
||